MDQL
is popping MORE tags! Check the
thread
!
Quizzes
Events
Quiz Creation
Community
Videos
Private Events
Remove Ads
Sign In
Join for FREE
Feedback
Dark Mode
Quiz Categories
Sports
Geography
Music
Movies
Television
Just For Fun
Miscellaneous
History
Literature
Language
Science
Gaming
Entertainment
Religion
Holiday
For Kids
Quiz Lab
Recent
Popular Today
Quiz Kudos Today
Editor Picks
Curator Picks
Quizzes by...
Day
Popularity
Type
Ratings
Length
Year
Community
Subscriptions
Recent Discussions
Orange Saloon
Badges
Playlists
Quests
Create
Leaderboards
Showdown
Live 5
Trivia Bingo
Activity
Puzzle Library
Sporcle Events
Private Events
Virtual Trivia
Globe League
Become a Host
Pub Owners
SporcleCon
Opinionation
Our Games
Videos
Blog
Mobile Apps
Partnerships
Remove Ads and Go Orange
Feedback
Sports
Athletes
MLB
NBA
NHL
NFL
Soccer
Sports Teams
WWE
NCAA
Football
Premier League
Basketball
Baseball
Hockey
Golf
Tennis
Cricket
Rugby
Auto Racing
Olympics
World Cup
Sports
Athletes
MLB
NBA
NHL
NFL
Soccer
Sports Teams
WWE
NCAA
Football
Premier League
Basketball
Baseball
Hockey
Golf
Tennis
Cricket
Rugby
Auto Racing
Olympics
World Cup
Random Quiz
Search Sporcle
×
Quiz Lab
Quiz Lab
Sports
NFL
Type in answers that appear in a list
Type in answers that appear in a list
Classic
Best Score? Go Orange.
NFL Rookie Receiving Leaders 2000-2018 Stats
Can you name the NFL Rookie Receiving Leaders in the 2000's (Updated)?
By
DSwanson
8m
50 Questions
3,033 Plays
3,033 Plays
3,033 Plays
Comments
Comments
Give Quiz Kudos
Give Quiz Kudos
-
- Ratings
hide this ad
Replay
Link that replays current quiz
Next Quiz
Link to next quiz in quiz playlist
You Got
0%
They Got
Avg Score
45%
Avg Friend Score
Upgrade to see
Score Distribution
Jump to the score distribution portion of the page
Score
0/50
Timer
08:00
0
Plays Today
Team and Year
% Correct
2014 New York Giants
Odell Beckham
95.5%
2007 Detroit Lions
Calvin Johnson
94.2%
2003 Houston Texans
Andre Johnson
94.1%
2004 Arizona Cardinals
Larry Fitzgerald
92.2%
2016 New Orleans Saints
Michael Thomas
91.9%
2011 Cincinnati Bengals
A.J. Green
88.8%
2014 Tampa Bay Buccaneers
Mike Evans
88.3%
2003 Arizona Cardinals
Anquan Boldin
87.6%
2008 Philadelphia Eagles
Desean Jackson
87.1%
2000 Seattle Seahawks
Darrell Jackson
86.8%
2011 Atlanta Falcons
Julio Jones
86.6%
2011 Baltimore Ravens
Torrey Smith
85.4%
2006 New Orleans Saints
Marques Colston
84.8%
2013 San Diego Chargers
Keenan Allen
83.3%
2015 Oakland Raiders
Amari Cooper
83%
2004 Buffalo Bills
Lee Evans
78.9%
2007 Kansas City Chiefs
Dwayne Bowe
78.7%
2017 Los Angeles Rams
Cooper Kupp
73.5%
2017 Pittsburgh Steelers
Juju Smith-Schuster
72.2%
2012 Indianapolis Colts
TY Hilton
72.1%
2004 Detroit Lions
Roy Williams
71.3%
2013 Houston Texans
Deandre Hopkins
67.1%
2006 Pittsburgh Steelers
Santonio Holmes
66.1%
2015 Minnesota Vikings
Stefan Diggs
64.4%
2014 Carolina Panthers
Kelvin Benjamin
63.2%
Team and Year
% Correct
2012 Cleveland Browns
Josh Gordon
63.1%
2014 Buffalo Bills
Sammy Watkins
62.2%
2010 Tampa Bay Buccaneers
Mike Williams
60.1%
2011 Seattle Seahawks
Doug Baldwin
56.5%
2014 Miami Dolphins
Jarvis Landry
56%
2013 Dallas Cowboys
Terrance Williams
55%
2008 Denver Broncos
Eddie Royal
49.7%
2002 Dallas Cowboys
Antonio Bryant
43.1%
2017 New Orleans Saints
Alvin Kamara
42.6%
2001 Miami Dolphins
Chris Chambers
41.3%
2004 Tampa Bay Buccaneers
Michael Clayton
40.2%
2009 Philadelphia Eagles
Jeremy Maclin
39%
2012 Jacksonville Jaguars
Justin Blackmon
36.1%
2002 New York Giants
Jeremy Shockey
35.2%
2009 Minnesota Vikings
Percy Harvin
34.3%
2017 Jacksonville Jaguars
Keelan Cole
34.1%
2009 New York Giants
Hakeem Nicks
33.8%
2009 Pittsburgh Steelers
Mike Wallace
33.8%
2017 New York Giants
Evan Engram
33.6%
2009 Tennessee Titans
Kenny Britt
25.8%
2014 Philadelphia Eagles
Jordan Matthews
25.4%
2006 New Orleans Saints
Reggie Bush
24.7%
2011 Cleveland Browns
Greg Little
10.7%
2001 Washington Redskins
Rod Gardner
9.3%
2004 Carolina Panthers
Keary Colbert
8%
Quiz Playlist
Details
Report
Send in Message
Add To Playlist
Classic:
Type in answers that appear in a list
Quiz Source
Last Updated: Jan 20, 2018
Quiz Scoreboard
CHALLENGE
Sign Up to Join the Scoreboard
Show All
Scores
Hide
Comments
May contain spoilers
Recently Published
Holiday 10x10 Sorting Gallery
by lukepisani3
Holiday
15m
Two Season TV Shows II
by 123Four
Television
10m
Image Sorting: Flags VI
by Barbecue
Geography
2m
More to Explore
Quiz From the Vault
Featured Blog Post
14 Easter Pick-up Lines to Find Eggs With
hide this ad
You Might Also Like...
Tags
NFL Quiz
2000
Receiving
Receiving Leaders
rookie
team
Updated
Yard
Today's Top Quizzes in Sports
Browse Sports
hide this ad
Today's Top Quizzes in NFL
Browse NFL
Top Contributed Quizzes in Sports
1
Les meilleurs buteurs des matchs entre le PSG et l’OM
2
Les entraîneurs de l'OM et du PSG au 21e siècle
3
2022 World Cup Stars
4
Players with Multiple 50 Home Run Seasons
5
Les joueurs passés par le PSG et l'OM
6
FIFA Club World Cup Champions
7
Top 10 NHL Goal Scorers of All Time
8
Criteria MLB: Left Handed Sluggers
9
Les joueurs passés par le LOSC et le RC Lens
10
2023 MLB Unique Player Accomplishments
Explore More
Trending Topics
Marvel
Crossword
NBA
Harry Potter
Disney
Anime
Kpop
Song
NFL
Country
Puzzle
WWE
Pokémon
Soccer
The Office
hide this ad
More By:
DSwanson
Quiz
Plays
Rating
Category
Featured
Created
NFL Leading Rusher in the Super Bowl
90,873
4.43
Sports
Oct 20, 2009
NFL Rookie Receiving Leaders 2000-2018
3,033
4.43
Sports
Nov 9, 2009
Pro Bowl QB's of the 1990's
1,382
4.29
Sports
Oct 20, 2009
Bourbon Distilleries on KY Bourbon Trail
991
4.50
Just For Fun
Oct 19, 2009
Number these players wore?
575
4.40
Sports
Nov 3, 2009
Go to Creator's Profile
Score Distribution
Quiz Creator Spotlight
DSwanson
Follow
Send a Message
Quizzes Created
-
Created Quiz Play Count
-
More By This Creator
Popular Quizzes Today
1
Find the US States - No Outlines Minefield
2
Colored Red Africa Blitz
3
Find the 'City' Movie
4
The Countries of the World
5
Find the US States
6
5x2 Blitz: Bands
7
Find the Countries of Europe - No Outlines Minefield
8
US States
More Sports Quizzes
#2 Athletes
Published
Trending Quizzes
Colored Red Europe Blitz I
Colored Red Europe Blitz II
Colored Red Africa Blitz II
Colored Red Europe Blitz III
Colored Red Africa Blitz III
Recently Updated
Odd Team Out - Big 4 Players
pecheneg
Quick Pick: 20 Twenties
pecheneg
March Madness Men's Triple Doubles
pecheneg
How Do You Spell That?
pecheneg
Godzilla Movies
pecheneg
Grab Bag: 4-10 Letters
pecheneg
2024 March Madness Bracket
pecheneg
Famous TV Couples
Peacemaker
Champions League XIs: Real Madrid
pecheneg
Largest US Cities 1790-2010
pecheneg
Trending Topics
Anime
Disney
Kpop
Harry Potter
NBA
Crossword
Marvel
Puzzle
NFL
Song
Soccer
Pokémon
The Office
Country
WWE
Your Account Isn't Verified!
In order to create a playlist on Sporcle, you need to verify the email address you used during registration. Go to your
Sporcle Settings
to finish the process.
Report this User
Report this user for behavior that violates our
Community Guidelines
.
Details:
Send Report
Go to the Sporcle.com Mobile Site →
Comments